| 000 | 00481nam a2200181Ia 4500 | ||
|---|---|---|---|
| 003 | IN-BaIIA | ||
| 008 | 211028s9999 xx 000 0 eng d | ||
| 040 | _cIIA Library | ||
| 080 |
_a621.38 _bALB |
||
| 100 |
_aAlbert, A. L _93310 |
||
| 245 | 0 |
_aElectronics and electron devices _cArthur Lemuel Albert. |
|
| 260 |
_aNew York _bMacmillan _c1956 |
||
| 300 | _axi, 582p. | ||
| 650 |
_aElectron devices _93311 |
||
| 650 |
_aElectronics _91576 |
||
| 650 | _aNASA thesaurus | ||
| 942 | _cBK | ||
| 999 |
_c1671 _d1671 |
||